| 000 | 00930cab a22002415a 4500 | ||
|---|---|---|---|
| 001 | L158371 | ||
| 008 | 150123e1961 xxk 000 0 eng d | ||
| 035 | _a(Sirsi) u158371 | ||
| 041 | 0 | _aeng | |
| 100 | 1 | _aBarclay, Irene | |
| 245 | 0 | 0 | _aTailor-made housing |
| 260 | _c1961 | ||
| 490 |
_aThe Chartered Surveyor _v94(2) August 1961, 90-92(3) |
||
| 520 | _aHighlights the experiences of Irene Barclay, the first female chartered surveyor in her professional capacity of a housing manager working for the St Pancras Housing Association dealing with applications for accommodation and the problems of the shortages of suitable accommodation available at the end of the 1950s and early 1960s. | ||
| 590 | _aKA | ||
| 650 | 2 | 4 | _aIRENE BARCLAY |
| 650 | 2 | 4 | _aWOMEN SURVEYORS |
| 650 | 2 | 4 | _aST PANCRAS HOUSING ASSOCIATION |
| 650 | 2 | 4 | _aHOUSING MANAGERS |
| 651 | 4 | _aLondon | |
| 690 |
_aResidential property _96266 |
||
| 942 | _n0 | ||
| 999 |
_c84575 _d84575 |
||